Bienvenue au Catalogue en Ligne des Bibliothèques de l'Universite du Burundi

L'ère de la personnalité (Record no. 53201)

000 -GUIDE
Champ de contrôle de longueur fixe 00718nam a22002297a 4500
003 - IDENTITÉ DU NUMÉRO DE CONTRÔLE
Champ de contrôle BI-BuBU
008 - ÉLÉMENTS DE LONGUEUR FIXE - RENSEIGNEMENTS GÉNÉRAUX
Champ de contrôle de longueur fixe 260108b1975 fr aaaafr|||| 001 0 fre d
020 ## - INTERNATIONAL STANDARD BOOK NUMBER
ISBN 2222017521
037 ## - SOURCE D'ACQUISITION
Numéro d'inventaire 090663
Source d'acquisition et du numéro d'inventaire Don Amba France
039 ## - NIVEAU DE CONTRÔLE BIBLIOGRAPHIQUE ET HISTORIQUE D'ENCODAGE [OBSOLETE]
Date creation 20260108131453.0
Nom catalographe Constance Niyimpa
040 ## - SOURCE DU CATALOGAGE
Organisme qui a effectué le catalogage original BI-BuBU
Code de la langue utilisée dans le catalogage fre
Organisme qui a effectué la transcription BI-BuBU
041 0# - CODE DE LANGUE
Code de langue du texte/de la piste sonore ou du titre distinct fre
080 ## - INDICE DE LA CLASSIFICATION DÉCIMALE UNIVERSELLE (CDU)
Indice de la Classification décimale universelle 658.01
100 1# - VEDETTE PRINCIPALE - NOM DE PERSONNE
Code de relation aut.
Nom de personne Tavel, Charles
245 12 - MENTION DU TITRE
Titre L'ère de la personnalité
Reste du titre essai sur la stratégie créatrice
Mention de responsabilité, etc. Charles Tavel.
260 ## - PUBLICATION, DIFFUSION, ETC. (ADRESSE BIBLIOGRAPHIQUE)
Lieu de publication, diffusion, etc. Paris
Nom de l'éditeur, diffuseur, etc. Centre National de la Recherche Scientifique
Date of publication, distribution, etc 1975
300 ## - DESCRIPTION MATÉRIELLE
Collation 356 p.
Autres caractéristiques matérielles couv.ill.en coul.
Dimensions 24 cm.
504 ## - NOTE DE BIBLIOGRAPHIE ET INDEX.
Note de bibliographie et index. Bibliogr.Index.
650 #7 - VEDETTE-MATIÈRE - NOM COMMUN
Source du terme BI-BuBU
Vedette de sujet ou vedette comportant un nom géographique Entreprise
Subdivision générale Stratégie
655 #7 - TERME D'INDEXATION - GENRE OU FORME
Source du terme BI-BuBU
Données ou terme dominant sur le genre ou la forme Book
942 ## - ÉLÉMENTS D'ENTRÉE ADDITIONNELLE (KOHA)
Source de la classification ou du système de rangement
Type d item koha BOOK
Holdings
Statut de retrait Statut de perte Source de la classification ou du système de rangement Statut de déterioration Exclu du prêt Numéro d item Koha Localisation permanente Localisation actuelle Date d'acquisition Source d'acquisition Nombre de prêts Cote Code-barres Date last seen Prix en vigueur à partir du Type d item koha Numero d'inventaire
          85051 Bibliothèque de la Faculté des Sciences Économiques et Administratives Bibliothèque de la Faculté des Sciences Économiques et Administratives 08/01/2026 Don Amba France   658.01 TAV. 5010000798581 08/01/2026 08/01/2026 BOOK 090663
© 2019-2026 - Bibliothèques de l'Université du Burundi |Tous droits réservés
home | Pour toute information urgente Contactez nous | tel whatsupp: +25779204313